000 00987naa a2200241 c 4500
001 49037
999 _c49037
_d49037
003 ES-MaCES
005 20170317111739.0
008 170317s2016 fr ||||| t||||||| ||fre d
040 _aES-MaCES
_bspa
_cES-MaCES
_dES-MaCES
100 1 _917168
_aLuttringer, Jean-Marie
245 1 0 _aActualité du droit de la formation
_b: le paritarisme de gestion de la formation professionnelle, enju politique
_cJean-Marie Luttringer
650 4 _927394
_aformación profesional
650 4 _927211
_apolítica gubernamental
650 4 _927373
_apolítica educativa
650 4 _929970
_agestión de la formación
650 4 _929976
_arelación formación empleo
650 4 _926943
_aFrancia
653 1 0 _aEducación
773 0 _985644
_dParis (Soufflot, 3, 75005) Editions techniques et économiques
_o088542
_tDroit social
_w(ES-MaCES)25161
_gnº 12 (déc. 2016) {10143 R. 088542} ;p. 1024-1028
902 _aART Artículo de revista
942 _2CES
_cAR
_h4.0.